[Event "Plzen, FSB C"]
[Site "?"]
[Date "2003.??.??"]
[Round "3.18"]
[White "Hruby, V."]
[Black "Wadura, R."]
[Result "1/2-1/2"]
[WhiteElo "1874"]
[BlackElo "1635"]
[PlyCount "96"]
[EventDate "2003.??.??"]
[Source "ChessBase"]
[SourceDate "1996.11.15"]

1. d4 Nf6 2. c4 g6 3. Nc3 Bg7 4. e4 d6 5. g3 O-O 6. Bg2 e5 7. d5 a5 8. Nge2 Na6
9. O-O Ne8 10. Be3 f5 11. Qd2 f4 12. gxf4 Qh4 13. fxe5 Bxe5 14. f4 Bg7 15. Qe1
Qe7 16. Qg3 Nf6 17. Bd4 Nh5 18. Qg5 Qxg5 19. fxg5 Bxd4+ 20. Nxd4 Nf4 21. h4 Bh3
22. Bxh3 Nxh3+ 23. Kg2 Nf4+ 24. Kg3 Nd3 25. b3 Rae8 26. Ne6 Rf7 27. Rxf7 Kxf7
28. Nb5 Rc8 29. Rf1+ Ke7 30. h5 Nac5 31. Nxc5 Nxc5 32. Nc3 Rf8 33. Rxf8 Kxf8
34. hxg6 hxg6 35. Kf3 Ke7 36. Ke3 Kd7 37. Kd4 Ke7 38. e5 Nd7 39. e6 Ne5 40. Ke4
b6 41. Ne2 Ng4 42. Nf4 Ne5 43. Nd3 Nxd3 44. Kxd3 c6 45. a3 c5 46. Kc3 Kd8 47.
b4 a4 48. bxc5 bxc5 1/2-1/2

[Event "Plzen, FSB C"]
[Site "?"]
[Date "2003.??.??"]
[Round "3.19"]
[White "Rouc, M."]
[Black "Machalek, M."]
[Result "1/2-1/2"]
[WhiteElo "1793"]
[BlackElo "1662"]
[PlyCount "87"]
[EventDate "2003.??.??"]
[Source "ChessBase"]
[SourceDate "1996.11.15"]

1. e4 e5 2. Nf3 Nf6 3. d4 Nxe4 4. Bd3 d5 5. Nxe5 Bd6 6. O-O O-O 7. Re1 f5 8. f3
Nf6 9. c4 c6 10. Nc3 Na6 11. c5 Bb8 12. a3 Nc7 13. Qc2 Ne6 14. Ne2 g6 15. b4 a6
16. a4 Nd7 17. Bb2 Qf6 18. f4 Bc7 19. b5 axb5 20. axb5 Rxa1 21. Bxa1 Bxe5 22.
dxe5 Qe7 23. bxc6 bxc6 24. Nd4 Qxc5 25. Qxc5 Ndxc5 26. Nxe6 Nxe6 27. g3 Rd8 28.
Rc1 c5 29. Kf2 c4 30. Be2 Nc5 31. Rc2 Be6 32. Ke3 Kf7 33. Bd4 Nb3 34. h3 h5 35.
Ra2 Rd7 36. Bd1 Rb7 37. Rb2 Bc8 38. Ra2 Bd7 39. Rb2 Bc6 40. Bxb3 cxb3 41. Kd3
Bb5+ 42. Kc3 Bc4 43. Bc5 Rb5 44. Bd4 1/2-1/2

[Event "Plzen, FSB C"]
[Site "?"]
[Date "2003.??.??"]
[Round "3.20"]
[White "Mede, M."]
[Black "Fairaisl, D."]
[Result "0-1"]
[WhiteElo "1509"]
[BlackElo "1699"]
[PlyCount "101"]
[EventDate "2003.??.??"]
[Source "ChessBase"]
[SourceDate "1996.11.15"]

1. e4 e5 2. Nf3 Nc6 3. Bc4 Bc5 4. c3 Nf6 5. O-O O-O 6. d3 h6 7. Nbd2 d6 8. Nb3
Bb6 9. a4 a6 10. a5 Ba7 11. Nbd2 b6 12. b4 bxa5 13. bxa5 Bg4 14. h3 Bh5 15. Qa4
Nb8 16. Ba3 Qd7 17. Qc2 Rd8 18. Qa2 Nc6 19. Bb2 Bc5 20. Rfe1 g5 21. g4 Bg6 22.
d4 Ba7 23. Rad1 Qe8 24. Bd5 exd4 25. cxd4 Nb4 26. Qc4 Nbxd5 27. exd5 Qb5 28.
Qxb5 axb5 29. Rc1 Nxd5 30. h4 f6 31. h5 Be8 32. Ne4 Bb8 33. Ra1 c6 34. Nc3 Nxc3
35. Bxc3 Bd7 36. Nh2 Kf7 37. f3 c5 38. d5 b4 39. Bb2 Ra6 40. Re3 Bc7 41. Rae1
Re8 42. Rxe8 Bxe8 43. Bxf6 Kxf6 44. Rxe8 Bxa5 45. Rb8 Ke5 46. Nf1 Rb6 47. Rxb6
Bxb6 48. Nd2 Kxd5 49. Kf1 c4 50. Ke2 b3 51. Kd1 0-1

[Event "Plzen, FSB C"]
[Site "?"]
[Date "2003.??.??"]
[Round "3.21"]
[White "Kanka, J."]
[Black "Neumanova, M."]
[Result "0-1"]
[WhiteElo "1654"]
[BlackElo "1346"]
[PlyCount "120"]
[EventDate "2003.??.??"]
[Source "ChessBase"]
[SourceDate "1996.11.15"]

1. e4 c5 2. Ne2 Nc6 3. c3 Nf6 4. d3 e6 5. g3 d5 6. exd5 Qxd5 7. Rg1 Ng4 8. h3
Nce5 9. Bg2 Qxd3 10. hxg4 Qxd1+ 11. Kxd1 Nxg4 12. Be3 Nxe3+ 13. fxe3 Bd6 14.
Nd2 O-O 15. Ne4 Be7 16. Kc2 f5 17. Nf2 Bg5 18. Nd1 Rd8 19. e4 Rd2+ 20. Kb3 Rxe2
21. exf5 exf5 22. Bd5+ Be6 23. Bxe6+ Rxe6 24. Rf1 g6 25. Nf2 h5 26. Rad1 Rd8
27. Rxd8+ Bxd8 28. Nd3 b6 29. Nf4 Rd6 30. Re1 Kf7 31. Re3 Bg5 32. a4 Bxf4 33.
gxf4 h4 34. Rh3 Kg7 35. Rxh4 Rd2 36. a5 Rg2 37. axb6 axb6 38. Kc4 Rxb2 39. Kd5
Rb3 40. Kc4 Rb2 41. Kd3 b5 42. Rh1 Rf2 43. Ke3 Rb2 44. Rc1 Kf6 45. Rg1 Rb3 46.
Kd2 b4 47. cxb4 Rxb4 48. Rf1 Rd4+ 49. Ke3 Re4+ 50. Kf3 c4 51. Rc1 Rd4 52. Rc3
Ke6 53. Ke3 Kd5 54. Ra3 Re4+ 55. Kf3 Kd4 56. Ra6 c3 57. Rd6+ Kc4 58. Rxg6 c2
59. Rc6+ Kd3 60. Rd6+ Rd4 0-1

[Event "Plzen, FSB C"]
[Site "?"]
[Date "2003.??.??"]
[Round "3.22"]
[White "Vojir sr., V."]
[Black "Kracik, M."]
[Result "1-0"]
[WhiteElo "1645"]
[BlackElo "1438"]
[PlyCount "75"]
[EventDate "2003.??.??"]
[Source "ChessBase"]
[SourceDate "1996.11.15"]

1. d4 d5 2. c4 Nf6 3. Nf3 c6 4. e3 Bf5 5. Nc3 e6 6. Be2 Nbd7 7. O-O Qc7 8. Qb3
Ng4 9. h3 Ngf6 10. Bd2 h6 11. Rfc1 g5 12. cxd5 exd5 13. Nxd5 Nxd5 14. Qxd5 cxd5
15. Rxc7 Rb8 16. Bb5 Bd6 17. Rcc1 f6 18. Ba4 Kf7 19. Bb3 Be6 20. Ne1 h5 21. Nd3
Nb6 22. Bb4 Bxb4 23. Nxb4 Nc4 24. Bxc4 dxc4 25. d5 Bf5 26. Rxc4 Rbc8 27. Rac1
Rxc4 28. Rxc4 Rc8 29. Rxc8 Bxc8 30. e4 f5 31. f3 Kf6 32. Nd3 b6 33. Kf2 f4 34.
Ke2 Ba6 35. Kd2 Bxd3 36. Kxd3 Ke5 37. Kc4 a6 38. a4 1-0

[Event "Plzen, FSB C"]
[Site "?"]
[Date "2003.??.??"]
[Round "3.23"]
[White "Strejcek, P."]
[Black "Dostal, K."]
[Result "1/2-1/2"]
[WhiteElo "1628"]
[BlackElo "1415"]
[PlyCount "75"]
[EventDate "2003.??.??"]
[Source "ChessBase"]
[SourceDate "1996.11.15"]

1. d4 c5 2. d5 Nf6 3. c4 e6 4. Nc3 exd5 5. cxd5 d6 6. e4 g6 7. Bd3 a6 8. a4 Bg7
9. Nf3 O-O 10. Bf4 Re8 11. O-O Nh5 12. Bg5 Nf6 13. Nd2 Nbd7 14. Nc4 Ne5 15. Re1
Nxd3 16. Qxd3 Qc7 17. a5 Rb8 18. Qd2 Nd7 19. Bh6 Ne5 20. Nxe5 Bxe5 21. Na4 f5
22. f3 fxe4 23. fxe4 Bd7 24. Nb6 Bb5 25. Rac1 Bd4+ 26. Be3 Bxe3+ 27. Rxe3 Qe7
28. Nc4 Bxc4 29. Rxc4 Qg5 30. b4 cxb4 31. Rxb4 Rf8 32. Qe1 Qe5 33. Rbb3 Rf7 34.
Rf3 Rbf8 35. Rxf7 Rxf7 36. Qb4 Qe7 37. h3 Qe5 38. Kh1 1/2-1/2

[Event "Plzen, FSB C"]
[Site "?"]
[Date "2003.??.??"]
[Round "4.1"]
[White "Vevera, R."]
[Black "Vlk, M."]
[Result "1-0"]
[WhiteElo "1977"]
[BlackElo "1840"]
[PlyCount "80"]
[EventDate "2003.??.??"]
[Source "ChessBase"]
[SourceDate "1996.11.15"]

1. e4 e5 2. Nf3 Nf6 3. Nxe5 d6 4. Nf3 Nxe4 5. d4 d5 6. Bd3 Nc6 7. c4 Bb4+ 8.
Bd2 Nxd2 9. Nbxd2 O-O 10. O-O Be6 11. c5 Bxd2 12. Qxd2 Qf6 13. Rfe1 Rfe8 14.
Bb5 Bf5 15. Bxc6 Qxc6 16. Ne5 Qe6 17. Qf4 f6 18. Nd3 Qd7 19. c6 bxc6 20. Nc5
Rxe1+ 21. Rxe1 Re8 22. Rxe8+ Qxe8 23. g4 Qe1+ 24. Kg2 Be4+ 25. Nxe4 Qxe4+ 26.
Qxe4 dxe4 27. Kg3 g5 28. f4 exf3 29. Kxf3 h5 30. h3 Kf7 31. Ke4 Ke6 32. b4 a6
33. a4 hxg4 34. hxg4 Kd6 35. Kf5 Ke7 36. a5 Kf7 37. d5 cxd5 38. b5 d4 39. Ke4
f5+ 40. Kxd4 c5+ 1-0

[Event "Plzen, FSB C"]
[Site "?"]
[Date "2003.??.??"]
[Round "4.3"]
[White "Vrana, P."]
[Black "Kral, P."]
[Result "1-0"]
[WhiteElo "1885"]
[BlackElo "1773"]
[PlyCount "89"]
[EventDate "2003.??.??"]
[Source "ChessBase"]
[SourceDate "1996.11.15"]

1. e4 e5 2. d4 exd4 3. Nf3 Nc6 4. Nxd4 Bc5 5. Nxc6 Qf6 6. Qf3 Qxf3 7. gxf3 bxc6
8. Bc4 Ne7 9. Be3 Bb6 10. Nc3 Bb7 11. O-O-O Rd8 12. Na4 d5 13. Nxb6 axb6 14.
Be2 O-O 15. c4 f5 16. Bg5 Rde8 17. cxd5 Nxd5 18. Bd3 fxe4 19. fxe4 Nf4 20. Bc4+
Ne6 21. Be3 Bc8 22. Rhe1 Kh8 23. Rd2 Rd8 24. Rxd8 Rxd8 25. Rd1 Rxd1+ 26. Kxd1
c5 27. f4 g6 28. f5 gxf5 29. exf5 Nd4 30. f6 Ne6 31. a4 c6 32. Bf2 Bd7 33. Ba2
Kg8 34. b4 Kf7 35. bxc5 b5 36. axb5 cxb5 37. Bd4 Bc6 38. Kc2 Bd7 39. Kc3 Kg6
40. Bxe6 Bxe6 41. Kb4 Kf7 42. Kxb5 Ke8 43. Kc6 Kd8 44. Kd6 Bc4 45. c6 1-0

[Event "Plzen, FSB C"]
[Site "?"]
[Date "2003.??.??"]
[Round "4.4"]
[White "Bartonicek jr., Z."]
[Black "Soukup, A."]
[Result "0-1"]
[WhiteElo "1750"]
[BlackElo "1943"]
[PlyCount "121"]
[EventDate "2003.??.??"]
[Source "ChessBase"]
[SourceDate "1996.11.15"]

1. d4 g6 2. e4 d6 3. Nc3 Bg7 4. Be3 Nf6 5. h3 O-O 6. Bd3 e5 7. dxe5 dxe5 8.
Nge2 Be6 9. Qd2 Nbd7 10. g4 Qe7 11. Ng3 Nc5 12. O-O-O Rfd8 13. Rdg1 Nxd3+ 14.
cxd3 b5 15. Nf5 Bxf5 16. exf5 b4 17. Ne2 Ne4 18. Qc2 Nd6 19. Ng3 a5 20. Bc5 Qd7
21. Rd1 Ra6 22. Kb1 gxf5 23. gxf5 Nxf5 24. Ne4 Rg6 25. Qc4 Qd5 26. b3 Nd4 27.
Bxd4 Qxd4 28. Qxd4 Rxd4 29. Kc2 Rc6+ 30. Kb1 f5 31. Ng3 Rf4 32. Rc1 Rxc1+ 33.
Rxc1 Rxf2 34. Rxc7 e4 35. dxe4 Be5 36. Rc8+ Kf7 37. Nxf5 Rf1+ 38. Rc1 Rf2 39.
Rc2 Rf1+ 40. Rc1 Rf3 41. Rc5 Rf1+ 42. Rc1 Rf4 43. Rc5 Rxe4 44. Rxa5 Ke6 45. Nh6
Rh4 46. Ng4 Bc3 47. Ra6+ Kf5 48. Rh6 Rxh6 49. Nxh6+ Kg5 50. Ng4 Bd4 51. Nh2 Kf4
52. Kc2 Kg3 53. Kd3 Kxh2 54. Kxd4 Kxh3 55. Kc4 Kg4 56. Kxb4 h5 57. a4 h4 58.
Kc5 h3 59. b4 h2 60. b5 h1=Q 61. b6 0-1

[Event "Plzen, FSB C"]
[Site "?"]
[Date "2003.??.??"]
[Round "4.5"]
[White "Mrnka, J."]
[Black "Dvorak, M."]
[Result "1-0"]
[WhiteElo "1908"]
[BlackElo "1802"]
[PlyCount "69"]
[EventDate "2003.??.??"]
[Source "ChessBase"]
[SourceDate "1996.11.15"]

1. e4 d6 2. d4 g6 3. Nc3 Bg7 4. f4 c6 5. Nf3 b5 6. Be3 a5 7. Be2 e6 8. O-O Ne7
9. Qe1 b4 10. Nd1 Ba6 11. c4 Nd7 12. Rc1 c5 13. d5 exd5 14. exd5 Nf5 15. Bf2
O-O 16. Bd3 Re8 17. Qd2 Nf8 18. Bxf5 gxf5 19. Ne3 Bc8 20. Rfe1 Ng6 21. Nf1 Rxe1
22. Rxe1 Bd7 23. h4 Qf6 24. h5 Nf8 25. Rb1 Re8 26. Bh4 Qh6 27. Ng3 Bf6 28. Bg5
Qg7 29. h6 Qh8 30. Nh5 Bd4+ 31. Nxd4 Qxd4+ 32. Qxd4 cxd4 33. Nf6+ Kh8 34. Nxe8
Bxe8 35. Re1 1-0

[Event "Plzen, FSB C"]
[Site "?"]
[Date "2003.??.??"]
[Round "4.6"]
[White "Vrkota, M."]
[Black "Hadac, P."]
[Result "1-0"]
[WhiteElo "1870"]
[BlackElo "1744"]
[PlyCount "53"]
[EventDate "2003.??.??"]
[Source "ChessBase"]
[SourceDate "1996.11.15"]

1. e4 d5 2. exd5 Nf6 3. c4 e6 4. d4 exd5 5. Nf3 Bb4+ 6. Nc3 dxc4 7. Bxc4 O-O 8.
O-O h6 9. Qb3 Bd6 10. Be3 c6 11. h3 b5 12. Bd3 Be6 13. Qc2 Nd5 14. a3 Qf6 15.
Ne4 Qe7 16. Nxd6 Qxd6 17. Qd2 Nxe3 18. fxe3 Nd7 19. Rac1 Rac8 20. e4 Qg3 21.
Kh1 f6 22. Rc3 Nb6 23. b3 Rc7 24. Rfc1 Rfc8 25. Qc2 Bxh3 26. Nh2 Bd7 27. Bc4+
1-0

[Event "Plzen, FSB C"]
[Site "?"]
[Date "2003.??.??"]
[Round "4.7"]
[White "Baborovsky, J."]
[Black "Soutner, J."]
[Result "1-0"]
[WhiteElo "1862"]
[BlackElo "1695"]
[PlyCount "93"]
[EventDate "2003.??.??"]
[Source "ChessBase"]
[SourceDate "1996.11.15"]

1. e4 e5 2. Nf3 Nc6 3. Bc4 Bc5 4. c3 Nf6 5. d4 exd4 6. cxd4 Bb4+ 7. Bd2 Bxd2+
8. Nbxd2 d5 9. exd5 Nxd5 10. Nb3 O-O 11. O-O Nce7 12. h3 c6 13. Bd3 h6 14. Re1
Bf5 15. Nc5 Qc7 16. Qd2 Bxd3 17. Nxd3 Rae8 18. Nde5 Nf6 19. Nh4 Rd8 20. Rac1
Rd5 21. Rc3 c5 22. Nhf3 Rfd8 23. Qc2 Rc8 24. b4 b6 25. Rc1 Nc6 26. Nxc6 Qxc6
27. bxc5 bxc5 28. Rxc5 Rxc5 29. Qxc5 Qxc5 30. Rxc5 Rxc5 31. dxc5 Kf8 32. Nd4
Nd5 33. Kf1 g6 34. Ke1 Nb4 35. a3 Nd3+ 36. Kd2 Nxc5 37. f3 a6 38. Kc3 Ke7 39.
Nb3 Kd6 40. Kb4 Nxb3 41. Kxb3 Kc5 42. Ka4 Kb6 43. Kb4 a5+ 44. Kc4 Kc6 45. g3 h5
46. f4 f5 47. a4 1-0

[Event "Plzen, FSB C"]
[Site "?"]
[Date "2003.??.??"]
[Round "4.8"]
[White "Hava, J."]
[Black "Steinhauser, F."]
[Result "1-0"]
[WhiteElo "1861"]
[BlackElo "1709"]
[PlyCount "69"]
[EventDate "2003.??.??"]
[Source "ChessBase"]
[SourceDate "1996.11.15"]

1. e4 c5 2. Nc3 Nc6 3. f4 e6 4. Nf3 g6 5. g3 Bg7 6. Bg2 Nge7 7. d3 b6 8. O-O
Bb7 9. Qe2 O-O 10. e5 d6 11. exd6 Qxd6 12. Nb5 Qd8 13. Ne5 a6 14. Nxc6 Nxc6 15.
Na3 Nd4 16. Qf2 Bxg2 17. Qxg2 Nf5 18. Rf3 b5 19. c3 Qb6 20. Bd2 Rfd8 21. Nc2
c4+ 22. d4 b4 23. Be3 b3 24. axb3 Qxb3 25. Bc1 Bf8 26. Qe2 a5 27. Ne3 Nxe3 28.
Rxe3 a4 29. Rf3 Rd5 30. g4 Raa5 31. Kg2 h5 32. h3 Qb5 33. Qc2 Bh6 34. Kg3 Kg7
35. g5 1-0

[Event "Plzen, FSB C"]
[Site "?"]
[Date "2003.??.??"]
[Round "4.9"]
[White "Lexa, J."]
[Black "Albrecht, J."]
[Result "1-0"]
[WhiteElo "1842"]
[BlackElo "1695"]
[PlyCount "43"]
[EventDate "2003.??.??"]
[Source "ChessBase"]
[SourceDate "1996.11.15"]

1. e4 e5 2. Nf3 d6 3. d4 exd4 4. Nxd4 g6 5. Nc3 Bg7 6. Be3 Ne7 7. Qd2 Nbc6 8.
O-O-O O-O 9. h4 Nxd4 10. Bxd4 h6 11. f4 f5 12. h5 Be6 13. hxg6 Nxg6 14. g4 fxg4
15. f5 Bxd4 16. Qxd4 Qg5+ 17. Qd2 Bxf5 18. Qxg5 hxg5 19. exf5 Rxf5 20. Bd3 Rf6
21. Nd5 Re6 22. Nxc7 1-0

[Event "Plzen, FSB C"]
[Site "?"]
[Date "2003.??.??"]
[Round "4.10"]
[White "Nathansky, D."]
[Black "Lener, J."]
[Result "1/2-1/2"]
[WhiteElo "1792"]
[BlackElo "1823"]
[PlyCount "61"]
[EventDate "2003.??.??"]
[Source "ChessBase"]
[SourceDate "1996.11.15"]

1. e4 c5 2. Nf3 Nc6 3. d4 cxd4 4. Nxd4 g6 5. Nc3 Bg7 6. Be3 d6 7. Qd2 Nf6 8. f3
Bd7 9. O-O-O a6 10. h4 h5 11. Be2 Qa5 12. Kb1 Nxd4 13. Bxd4 Be6 14. Bxf6 Bxf6
15. Nd5 Qxd2 16. Nxf6+ exf6 17. Rxd2 Ke7 18. a4 Rac8 19. Rhd1 Rhd8 20. g4 Bc4
21. gxh5 Bxe2 22. Rxe2 gxh5 23. Rd5 Rc5 24. Red2 b6 25. c3 f5 26. exf5 Rxd5 27.
Rxd5 Rg8 28. f6+ Ke6 29. Rxh5 Rg1+ 30. Kc2 Rf1 31. Kd3 1/2-1/2

[Event "Plzen, FSB C"]
[Site "?"]
[Date "2003.??.??"]
[Round "4.11"]
[White "Pechat, J."]
[Black "Pekar, F."]
[Result "1-0"]
[WhiteElo "1758"]
[BlackElo "1889"]
[PlyCount "94"]
[EventDate "2003.??.??"]
[Source "ChessBase"]
[SourceDate "1996.11.15"]

1. e4 c5 2. f4 a6 3. Nf3 d6 4. d4 cxd4 5. Qxd4 Nc6 6. Qd1 e6 7. Be3 Be7 8. Be2
Nf6 9. Nbd2 Ng4 10. Bg1 Qc7 11. h3 Nf6 12. c3 e5 13. Bh2 exf4 14. Bxf4 Nh5 15.
Bh2 Be6 16. Qc1 h6 17. O-O Nf6 18. Kh1 O-O 19. Nd4 Bd7 20. Nf5 Be6 21. Bd3 Rad8
22. Qe1 Ne5 23. Be2 Kh7 24. Qg3 g6 25. Nd4 Bc4 26. Rf2 Bxe2 27. Rxe2 Nh5 28.
Qf2 Nd3 29. Qf3 Nxb2 30. e5 dxe5 31. Bxe5 Bd6 32. Bxd6 Qxd6 33. Ne4 Qa3 34. Rb1
Nc4 35. Rxb7 Ne5 36. Nf6+ Nxf6 37. Rxe5 Rd6 38. Ne6 Rd7 39. Nxf8+ Qxf8 40. Rb6
Nh5 41. Rxa6 Ng7 42. Rea5 Qe7 43. Kh2 Nf5 44. Rxf5 gxf5 45. Qxf5+ Kg7 46. Qg4+
Kh7 47. Qf4 Kg7 1-0

[Event "Plzen, FSB C"]
[Site "?"]
[Date "2003.??.??"]
[Round "4.12"]
[White "Kral, P."]
[Black "Neumanova, M."]
[Result "1/2-1/2"]
[WhiteElo "1828"]
[BlackElo "1346"]
[PlyCount "120"]
[EventDate "2003.??.??"]
[Source "ChessBase"]
[SourceDate "1996.11.15"]

1. d4 Nf6 2. c4 e5 3. dxe5 Ne4 4. Qc2 Bb4+ 5. Nd2 d5 6. a3 Bxd2+ 7. Bxd2 Nxd2
8. Qxd2 dxc4 9. Qxd8+ Kxd8 10. O-O-O+ Ke7 11. e3 b5 12. Be2 Nc6 13. f4 Na5 14.
Bf3 Bb7 15. Bxb7 Nxb7 16. Nh3 Rhd8 17. Nf2 Nc5 18. Kc2 a5 19. Kc3 Na4+ 20. Kc2
Nc5 21. Kc3 Na4+ 22. Kc2 Nc5 23. Rxd8 Rxd8 24. Rd1 Rxd1 25. Kxd1 b4 26. Kd2 Na4
27. Kc2 c3 28. bxc3 Nxc3 29. axb4 axb4 30. Nd3 Nd5 31. Kd2 b3 32. e4 b2 33. Kc2
Ne3+ 34. Kxb2 Nxg2 35. Kc3 Ne3 36. Kd4 Nf1 37. h3 Nd2 38. Nc5 Nf3+ 39. Kd5 Ng1
40. h4 Ne2 41. f5 Nf4+ 42. Kc6 Ng2 43. h5 Nf4 44. h6 gxh6 45. Kxc7 h5 46. Nd7
h4 47. Nf6 h3 48. Ng4 h5 49. Nf2 h2 50. Kc6 Nd3 51. Nh1 Nxe5+ 52. Kd5 Kf6 53.
Kd4 h4 54. Ke3 Kg5 55. Kf2 Kf4 56. Kg2 Ng4 57. Kh3 Kf3 58. e5 Nxe5 59. Kxh2 Kg4
60. f6 Nd7 1/2-1/2

[Event "Plzen, FSB C"]
[Site "?"]
[Date "2003.??.??"]
[Round "4.13"]
[White "Koubek, J."]
[Black "Pokomandy, M."]
[Result "0-1"]
[WhiteElo "1612"]
[BlackElo "1754"]
[PlyCount "54"]
[EventDate "2003.??.??"]
[Source "ChessBase"]
[SourceDate "1996.11.15"]

1. e4 e5 2. Nf3 Nc6 3. Bb5 a6 4. Ba4 Nf6 5. O-O d6 6. Re1 b5 7. Bb3 Be7 8. h3
Na5 9. Nc3 c5 10. Bd5 Ra7 11. a3 Nxd5 12. Nxd5 Nc6 13. d3 O-O 14. Nh2 Bg5 15.
c3 Be6 16. Qf3 f5 17. Rf1 f4 18. Kh1 Qe8 19. a4 b4 20. a5 Bd8 21. Nb6 Rb7 22.
Rg1 h6 23. Bd2 Bxb6 24. axb6 Rxb6 25. g3 Kh7 26. gxf4 exf4 27. Rg2 Ne5 0-1

[Event "Plzen, FSB C"]
[Site "?"]
[Date "2003.??.??"]
[Round "4.15"]
[White "Bolek, M."]
[Black "Hruby, V."]
[Result "0-1"]
[WhiteElo "1524"]
[BlackElo "1874"]
[PlyCount "88"]
[EventDate "2003.??.??"]
[Source "ChessBase"]
[SourceDate "1996.11.15"]

1. e4 e5 2. Nf3 Nc6 3. Bb5 a6 4. Ba4 b5 5. Bb3 Na5 6. c3 Nxb3 7. Qxb3 d6 8. d4
f6 9. O-O Bd7 10. dxe5 fxe5 11. Ng5 Qe7 12. Be3 h6 13. Nf3 Nf6 14. Nbd2 Qf7 15.
Qc2 Be7 16. c4 c5 17. h3 O-O 18. Rfd1 Be6 19. b3 Nh5 20. Nf1 bxc4 21. bxc4 Bxc4
22. Rab1 Rfb8 23. a4 Bb3 24. Rxb3 Qxb3 25. Qe2 Nf6 26. N3d2 Qxa4 27. f3 Rb2 28.
Qe1 Rab8 29. Ra1 Ra2 30. Rb1 Rxb1 31. Qxb1 Ra1 32. Qb7 Qd7 33. Qb2 Ra5 34. Qb3+
Kh7 35. Qf7 Bd8 36. Qc4 Rb5 37. Qa4 a5 38. Nc4 Rb7 39. Qa2 Ne8 40. Ng3 Qb5 41.
Kh2 Qb3 42. Qe2 a4 43. Nf5 a3 44. Nxa3 Qxa3 0-1

[Event "Plzen, FSB C"]
[Site "?"]
[Date "2003.??.??"]
[Round "4.16"]
[White "Vojir jr., V."]
[Black "Vojir sr., V."]
[Result "1/2-1/2"]
[WhiteElo "1823"]
[BlackElo "1645"]
[PlyCount "21"]
[EventDate "2003.??.??"]
[Source "ChessBase"]
[SourceDate "1996.11.15"]

1. d4 d5 2. Bf4 Bf5 3. e3 Nf6 4. Nf3 e6 5. Nbd2 Nc6 6. c3 Be7 7. Be2 O-O 8. O-O
a6 9. h3 h6 10. Re1 Re8 11. Rc1 1/2-1/2

[Event "Plzen, FSB C"]
[Site "?"]
[Date "2003.??.??"]
[Round "4.18"]
[White "Huttner, M."]
[Black "Stanek, V."]
[Result "0-1"]
[WhiteElo "1674"]
[BlackElo "1635"]
[PlyCount "38"]
[EventDate "2003.??.??"]
[Source "ChessBase"]
[SourceDate "1996.11.15"]

1. e4 d6 2. d4 g6 3. Nc3 Bg7 4. f4 Nc6 5. d5 Nb8 6. Nf3 Bg4 7. h3 Bxf3 8. Qxf3
c6 9. Bd2 a6 10. Bd3 Nd7 11. O-O e6 12. Rae1 Ne7 13. dxe6 fxe6 14. Qg4 Nc5 15.
f5 O-O 16. fxe6 Nxd3 17. Rxf8+ Qxf8 18. cxd3 b5 19. Rf1 Bd4+ 0-1

[Event "Plzen, FSB C"]
[Site "?"]
[Date "2003.??.??"]
[Round "4.19"]
[White "Wadura, R."]
[Black "Pasek, M."]
[Result "0-1"]
[WhiteElo "1635"]
[BlackElo "1669"]
[PlyCount "104"]
[EventDate "2003.??.??"]
[Source "ChessBase"]
[SourceDate "1996.11.15"]

1. d4 Nf6 2. c4 d6 3. Nc3 e5 4. dxe5 dxe5 5. Qxd8+ Kxd8 6. Bg5 c6 7. Rd1+ Kc7
8. Nf3 Ng4 9. h3 f6 10. Bh4 Nh6 11. a3 Be6 12. e3 Nf5 13. Be2 g5 14. Bg3 Nxg3
15. fxg3 h5 16. Ne4 Be7 17. c5 Nd7 18. b4 f5 19. Nd6 g4 20. Nh4 Bxh4 21. gxh4
Nf6 22. hxg4 hxg4 23. g3 Nh5 24. Kf2 Raf8 25. Rdf1 f4 26. exf4 exf4 27. gxf4
g3+ 28. Kg2 Bd5+ 29. Bf3 Nxf4+ 30. Kxg3 Rhg8+ 31. Kh2 Bxf3 32. Rhg1 Rxg1 33.
Kxg1 Bd5 34. Kh2 Ng6 35. Rg1 Rg8 36. Nf5 Rf8 37. Nd6 Rf2+ 38. Kg3 Ra2 39. Kg4
Rxa3 40. Kg5 Ne5 41. Kf6 Nd7+ 42. Kg5 Rb3 43. Re1 Rxb4 44. Re7 b6 45. h5 bxc5
46. h6 Kxd6 47. Rg7 a5 48. h7 Rb8 49. Kh6 Nf6 50. Rg6 Ke7 51. Rg7+ Bf7 52. Rg5
Rh8 0-1

[Event "Plzen, FSB C"]
[Site "?"]
[Date "2003.??.??"]
[Round "4.20"]
[White "Machalek, M."]
[Black "Hava, R."]
[Result "0-1"]
[WhiteElo "1662"]
[BlackElo "1472"]
[PlyCount "62"]
[EventDate "2003.??.??"]
[Source "ChessBase"]
[SourceDate "1996.11.15"]

1. e4 e5 2. Nf3 Nf6 3. Nxe5 d6 4. Nf3 Nxe4 5. d4 d5 6. Bd3 Be7 7. O-O O-O 8.
Re1 f5 9. c4 c6 10. Qc2 Bf6 11. Nc3 Re8 12. Bf4 h6 13. Be5 Bxe5 14. Nxe5 Nd7
15. Nxd7 Bxd7 16. cxd5 cxd5 17. Nxd5 Bc6 18. Bxe4 fxe4 19. Nb4 Qxd4 20. Nxc6
bxc6 21. Qxc6 Qxb2 22. Qd5+ Kh8 23. Rab1 Qc2 24. Rb7 Qd3 25. Qc5 Qd2 26. Ra1
Rac8 27. Rc7 Rxc7 28. Qxc7 Qd4 29. Re1 Qd2 30. Ra1 e3 31. Qf4 Qc3 0-1

[Event "Plzen, FSB C"]
[Site "?"]
[Date "2003.??.??"]
[Round "4.22"]
[White "Mede, M."]
[Black "Strejcek, P."]
[Result "0-1"]
[WhiteElo "1509"]
[BlackElo "1628"]
[PlyCount "96"]
[EventDate "2003.??.??"]
[Source "ChessBase"]
[SourceDate "1996.11.15"]

1. f4 d5 2. Nf3 c5 3. e3 Bg4 4. Bb5+ Nc6 5. h3 Bh5 6. g4 Bg6 7. f5 Qc7 8. Bxc6+
bxc6 9. Qe2 e6 10. fxg6 hxg6 11. b3 Nf6 12. Nc3 Nxg4 13. Qg2 Nf6 14. Bb2 Bd6
15. O-O-O c4 16. d3 cxb3 17. axb3 Bb4 18. Na2 Bc5 19. d4 Bd6 20. c4 Qa5 21. Bc3
Qa3+ 22. Qb2 Ne4 23. c5 Qxb2+ 24. Kxb2 Bg3 25. Be1 Bxe1 26. Rhxe1 f6 27. Nc3
Rxh3 28. Nxe4 dxe4 29. Nd2 f5 30. Rh1 Rh5 31. Nc4 O-O-O 32. Ne5 Rdh8 33. Rxh5
gxh5 34. Rg1 Rh7 35. Nxc6 h4 36. Nxa7+ Kb7 37. Nb5 h3 38. Nc3 g5 39. Ne2 h2 40.
Rh1 g4 41. Kc1 Rh3 42. Kd2 g3 43. Nf4 Rh4 44. Ng2 Rh8 45. Ke2 Ra8 46. Nh4 Ra2+
47. Kf1 Rf2+ 48. Ke1 f4 0-1

[Event "Plzen, FSB C"]
[Site "?"]
[Date "2003.??.??"]
[Round "4.23"]
[White "Dostal, K."]
[Black "Kotesovec, D."]
[Result "0-1"]
[WhiteElo "1415"]
[BlackElo "1555"]
[PlyCount "73"]
[EventDate "2003.??.??"]
[Source "ChessBase"]
[SourceDate "1996.11.15"]

1. e4 Nf6 2. Nc3 Nc6 3. Bc4 e5 4. Nf3 Be7 5. O-O O-O 6. d3 d6 7. h3 a6 8. Be3
Na5 9. Bb3 Nxb3 10. axb3 Re8 11. Nd2 d5 12. exd5 Nxd5 13. Nxd5 Qxd5 14. Qh5 h6
15. Nc4 Bf6 16. f4 b5 17. Ra5 Bb7 18. Rf2 exf4 19. Qxd5 Bxd5 20. Bxf4 Bxc4 21.
bxc4 Bd4 22. Kf1 Bxf2 23. Kxf2 bxc4 24. dxc4 Re4 25. Bxc7 Rxc4 26. Be5 Rxc2+
27. Kf3 Re8 28. Bd4 Ree2 29. Rxa6 Rxg2 30. b4 Rg6 31. Ra7 Rc4 32. Bc5 Rc3+ 33.
Ke4 Rxh3 34. b5 Rb3 35. b6 Rgxb6 36. Bxb6 Rxb6 37. Kf5 0-1

[Event "Plzen, FSB C"]
[Site "?"]
[Date "2003.??.??"]
[Round "4.24"]
[White "Kracik, M."]
[Black "Kanka, J."]
[Result "1/2-1/2"]
[WhiteElo "1438"]
[BlackElo "1654"]
[PlyCount "79"]
[EventDate "2003.??.??"]
[Source "ChessBase"]
[SourceDate "1996.11.15"]

1. e4 d5 2. exd5 Nf6 3. Nc3 Nxd5 4. Nxd5 Qxd5 5. Qf3 Qd6 6. Bb5+ Nd7 7. Nh3 c6
8. Bc4 Ne5 9. Qc3 Nxc4 10. Qxc4 Qe5+ 11. Qe2 Qxe2+ 12. Kxe2 Bxh3 13. gxh3 e5
14. d3 Be7 15. Rg1 g6 16. Bh6 f6 17. h4 Rg8 18. Be3 Kf7 19. f3 f5 20. Bf2 a6
21. Rae1 h6 22. h3 Rae8 23. Kd2 Bb4+ 24. c3 Bd6 25. Re2 Re6 26. Rge1 Rge8 27.
b4 Bf8 28. d4 Bg7 29. Kd3 exd4 30. Rxe6 Rxe6 31. Rxe6 Kxe6 32. Bxd4 Bxd4 33.
Kxd4 b6 34. f4 Kd6 35. c4 c5+ 36. bxc5+ bxc5+ 37. Kd3 Ke6 38. Ke3 Kd6 39. a4
Ke6 40. Kf3 1/2-1/2

[Event "Plzen, FSB C"]
[Site "?"]
[Date "2003.??.??"]
[Round "5.1"]
[White "Tichy, S."]
[Black "Vevera, R."]
[Result "1/2-1/2"]
[WhiteElo "1852"]
[BlackElo "1977"]
[PlyCount "49"]
[EventDate "2003.??.??"]
[Source "ChessBase"]
[SourceDate "1996.11.15"]

1. Nf3 Nf6 2. g3 g6 3. Bg2 Bg7 4. O-O O-O 5. d4 d5 6. Re1 c5 7. c3 Nc6 8. Nbd2
e5 9. Nxe5 Nxe5 10. dxe5 Ng4 11. Nf3 Be6 12. Bf4 Qc7 13. Ng5 Bxe5 14. e4 Nxf2
15. Kxf2 Bxf4 16. Nxe6 Bxg3+ 17. hxg3 fxe6+ 18. Bf3 Rae8 19. Qe2 d4 20. Rad1
Qe5 21. cxd4 cxd4 22. Kg2 h5 23. Rd3 Re7 24. Red1 Ref7 25. R1d2 1/2-1/2